000 00741nam a2200253Ia 4500
003 OSt
005 20220930204308.0
006 a|||||r|||| 00| 0
007 ta
008 220926b |||||||| |||| 00| 0 hin d
024 _a96570
037 _cDissertations
040 _aCRL
_cCRL
_bhin
041 _2hin
_ahin
100 _aPant Meena
_9566810
110 _aUniversity of Delhi. Faculty of Arts. Department of Hindi
245 0 _aNeeldevi mein itihaas bodh
260 _c2008
650 _aHINDI LITERATURE
_923866
700 _a Prof. Gopeshwar Singh Gu.
700 _aUniversity of Delhi. Faculty of Arts. Department of Hindi
942 _cDIS
_2CC
999 _c905848
_d905848